| 000 | 01307nam0a2200313 i 4500 | ||
|---|---|---|---|
| 001 | RU\NLR\bibl\231075 | ||
| 005 | 20241215062425.0 | ||
| 021 |
_aRU _b2001-8445п _9295 |
||
| 035 | _a(NLR Aleph) 000227028 | ||
| 090 |
_a1320677 _c1320677 |
||
| 100 | _a20020220d2000 |||y0rusy50 ca | ||
| 101 | 0 | _arus | |
| 102 | _aRU | ||
| 105 | _aa ||||||||| | ||
| 200 | 1 |
_aРазрешите представиться: поручик Ржевский! _e(Анекдот с точки зрения традиций культуры) _fСедов А.Ф. |
|
| 210 |
_aБалашов _cБ.и. _d2000 |
||
| 215 |
_a80 с. _cил. _d20 |
||
| 225 | 1 |
_aВесы _eАльм. гуманит. каф. Балаш. фил. Сарат. гос. ун-та им. Н.Г. Чернышевского _vN16 : Персон. вып. |
|
| 300 | _aНа 2-й с. обл. авт.: Седов А.Ф. доц., к. филол.н. | ||
| 320 | _aБиблиогр.: с.78-79 (36 назв.) | ||
| 606 | 0 |
_aАнекдот русский _9972967 _3RU\NLR\auth\6646371 |
|
| 686 | _aШ5(2=Р)-337 | ||
| 686 | _aЦ4,6(2Р)424 | ||
| 700 | 1 |
_aСедов _bА. Ф. _gАлексей Федорович _4070 |
|
| 801 | 0 |
_aRU _bNLR _c20020220 _gPSBO |
|
| 801 | 1 |
_aRU _bNLR _c20020220 |
|
| 852 |
_aNLR _jП34/1271 |
||
| 942 | _cBOOK | ||